| 000 | 00479nam a2200181Ia 4500 | ||
|---|---|---|---|
| 001 | 22339 | ||
| 005 | 20260414150824.0 | ||
| 008 | 260414t2009||||xx |||||||||||||| ||spa|| | ||
| 041 | _aESP | ||
| 082 |
_a621.3192 _bB78 2009 |
||
| 100 |
_aBoylestad, Robert L., _eAUT |
||
| 245 | 0 |
_aElectrónica : _beoría de circuitos y dispositivos electrónicos |
|
| 260 | _c2009 | ||
| 300 |
_axviii, 894 páginas : _c27 cm. |
||
| 650 | _aTCA | ||
| 654 | _aCET | ||
| 942 |
_cLIB _dJUS _fJUS _2ddc _n |
||
| 999 |
_c22339 _d22339 |
||